000 00367nam a2200133Ia 4500
008 240624s9999 xx 000 0 und d
041 _aeng
082 _a658.4063 GOV
100 _aGOVINDARAJAN VIJAY
245 _aREVERSE INNOVATION CREATE FAR FROM HOME
260 _c2012
_aNew Delhi
_bHarvard Business Review Press
300 _a226 : p. ; 24cm.
365 _cRS
_b35
999 _c27946
_d27946